[Event "Madrid San Viator op-B 28th"]
[Site "Madrid"]
[Date "2017.05.21"]
[Round "7"]
[White "Laray Fernandez, Juan"]
[Black "Rodriguez Coarasa, Carlos"]
[Result "0-1"]
[WhiteElo "1490"]
[BlackElo "1706"]
[PlyCount "64"]
[EventDate "2017.03.26"]
[EventType "swiss"]
[EventRounds "9"]
[EventCountry "ESP"]
[SourceTitle "EXT 2019"]
[Source "ChessBase"]
[SourceDate "2018.10.10"]
[SourceVersion "1"]
[SourceVersionDate "2018.10.10"]
[SourceQuality "1"]

1. e4 e6 2. d4 d5 3. exd5 exd5 4. Nc3 Nf6 5. Bg5 Be7 6. Bd3 Bg4 7. Nge2 c6 8. 0-0 0-0 9. Qd2 Nbd7 10. Nd1 Re8 11. Qf4 Bxe2 12. Bxe2 h6 13. Bxf6 Nxf6 14. Ne3 Bd6 15. Qf3 Ne4 16. Rad1 Ng5 17. Qg4 Re4 18. Qh5 g6 19. Qxh6 Bf8 20. Qxf8+ Kxf8 21. Bd3 Rxd4 22. c3 Rf4 23. c4 d4 24. Nc2 c5 25. Rfe1 Qd6 26. Be2 Re8 27. Ne3 Rfe4 28. Bf3 Nxf3+ 29. gxf3 R4e6 30. Ng2 Rxe1+ 31. Nxe1 Qe6 32. Nd3 Qxc4 0-1